Cardiff City Squad 2018-2019 - Statistics

General Stats
  • This quiz has been taken 25 times
  • The average score is 18 of 30
Answer Stats
# Position Nation Player % Correct
1 GK Philippines Neil Etheridge
91%
5 DF Gabon Bruno Ecuele Manga
86%
33 FW Canada Junior Hoilett
86%
22 DF Ivory Coast Sol Bamba
86%
21 MF Spain Víctor Camarasa
82%
17 MF Iceland Aron Gunnarsson
77%
- Coach England Neil Warnock
77%
4 DF England Sean Morrison
77%
3 DF England Joe Bennett
73%
15 MF Curaçao Leandro Bacuna
73%
11 FW England Josh Murphy
68%
8 MF England Joe Ralls
64%
10 FW Denmark Kenneth Zohore
64%
14 MF England Bobby De Cordova-Reid
59%
28 GK Ireland Brian Murphy
59%
7 MF Ireland Harry Arter
59%
12 GK England Alex Smithies
55%
9 FW England Danny Ward
55%
2 DF England Lee Peltier
55%
29 FW Senegal Oumar Niasse
50%
13 MF Scotland Callum Paterson
45%
18 DF Ireland Greg Cunningham
45%
6 DF Wales Jazz Richards
45%
20 MF France Loïc Damour
41%
19 FW England Nathaniel Mendez-Laing
41%
24 FW England Gary Madine
36%
23 MF England Kadeem Harris
36%
16 DF England Matthew Connolly
23%
32 FW England Rhys Healey
23%
37 DF Northern Ireland Ciaron Brown
18%
No matching quizzes found
Score Distribution
Percent of People with Each Score
Percentile by Number Answered
Your Score History
You have not taken this quiz